Noviny obce Čečejovce
| Previous Title: | Čečejovské noviny Csécsi hírlap |
|---|---|
| Format: | Journal |
| Language: | Slovak Hungarian |
| PhysicalDescription: | zv. 30 cm |
| Published: |
Čečejovce
Obecný úrad Čečejovce
2019-
|
| ISSN: | 2644-5891 1339-0961 1339-097X |
| Subjects: |
MARC
| LEADER | 00000cas a2200000 a 4500 | ||
|---|---|---|---|
| 001 | vtls011911415 | ||
| 003 | SK-MaSNL | ||
| 005 | 20260228164532.0 | ||
| 008 | 200116c20199999xo qr p 0 b0slo | ||
| 022 | |a 2644-5891 | ||
| 040 | |a SNK |b slo |c SNK |e AACR2 | ||
| 041 | 0 | |a slo |a hun | |
| 043 | |a e-xo--- | ||
| 044 | |a xo |c SK | ||
| 072 | 7 | |a 316 |x Sociológia |2 konspekt | |
| 072 | 7 | |a 35 |x Verejná správa |2 konspekt | |
| 080 | |a 316.728 |2 2011 | ||
| 080 | |a 35 |2 2011 | ||
| 080 | |a (437.672) |2 2011 | ||
| 210 | 0 | |a Nov. obce Čečejovce | |
| 222 | 0 | |a Noviny obce Čečejovce | |
| 245 | 0 | 0 | |a Noviny obce Čečejovce |
| 246 | 3 | 3 | |a Csécs Község Hírlapja |
| 260 | |a Čečejovce |b Obecný úrad Čečejovce |c 2019- | ||
| 300 | |a zv. |c 30 cm | ||
| 310 | |a 4x ročne | ||
| 362 | 0 | |a Roč. 1, č. 1 (2019)- | |
| 500 | |a EV 5830/19 | ||
| 500 | |a Súbežný text v maďarčine | ||
| 650 | 0 | 7 | |a verejný život |2 SNKPH |9 265932 |
| 650 | 0 | 7 | |a spoločenský život |2 SNKPH |9 28654 |
| 650 | 0 | 7 | |a verejná správa |2 SNKPH |9 1538 |
| 651 | 7 | |a Čečejovce (Slovensko) |2 SNKPHgeo |9 30655 | |
| 655 | 7 | |a regionálne periodiká |2 SNKPH |9 131775 | |
| 780 | 0 | 4 | |t Čečejovské noviny |x 1339-0961 |w vtls010505677 |
| 780 | 0 | 4 | |t Csécsi hírlap |x 1339-097X |w vtls010505677 |
| 910 | |a snk | ||
| 999 | |c 13962 |d 15892 | ||
| 952 | |0 0 |1 0 |4 0 |7 0 |8 0 |a SNK |b SNK |d 2024-04-11 |i snk2024/5740 |l 0 |o snkČSB 7843/1/2019 |p 17A1522964 |r 2026-02-21 19:47:49 |t č. 1-2 |w 2026-02-21 |y PREZ | ||
| 952 | |0 0 |1 0 |4 0 |7 0 |8 0 |a SNK |b SNK |d 2024-04-11 |i snk2024/5741 |l 0 |o snkČSB 7843/2/2020 |p 17A1522965 |r 2026-02-21 19:47:49 |t č. 1-4 |w 2026-02-21 |y PREZ |z Č. 4 (december) má uvedené chybné ; číslo 3 | ||
| 952 | |0 0 |1 0 |4 0 |7 0 |8 0 |a SNK |b SNK |d 2024-04-11 |i snk2024/5742 |l 0 |o snkČSB 7843/3/2021 |p 17A1522966 |r 2026-02-21 19:47:50 |t č. 1-4 |w 2026-02-21 |y PREZ | ||
| 952 | |0 0 |1 0 |4 0 |7 0 |8 0 |a SNK |b SNK |d 2024-04-11 |i snk2024/5743 |l 0 |o snkČSB 7843/4/2022 |p 17A1522967 |r 2026-02-21 19:47:50 |t č. 1-4 |w 2026-02-21 |y PREZ | ||
| 952 | |0 0 |1 0 |4 0 |7 0 |8 0 |a SNK |b SNK |d 2024-04-11 |i snk2024/5744 |l 0 |o snkČSB 7843/5/2023 |p 17A1522968 |r 2026-02-21 19:47:50 |t č. 1-2 |w 2026-02-21 |y PREZ | ||


